[Event "Elenite"]
[Site "Elenite"]
[Date "1992.??.??"]
[Round "2"]
[White "Stohl, Igor"]
[Black "Skembris, Spyridon"]
[Result "1/2-1/2"]
[WhiteElo "2560"]
[BlackElo "2520"]

1.d4 d5 2.c4 c6 3.Nc3 Nf6 4.e3 e6 5.Nf3 Nbd7 6.Qc2 Bd6 7.Be2 O-O 8.b3 Qe7
9.O-O Re8 10.Rd1 b6 11.e4 Nxe4 12.Nxe4 dxe4 13.Qxe4 Bb7 14.Bf4 Bxf4 15.Qxf4 c5
16.Qc7 Rab8 17.Ne5 Nxe5 18.Qxe7 Nf3+ 19.Bxf3 Rxe7 20.Bxb7 Rexb7 21.dxc5 bxc5
22.Rd6 Rc7 23.Rad1 Kf8 24.Ra6 Ke7 25.Rdd6 Rd8 26.Rxd8 Kxd8 27.g4 Kc8 28.Kf1 Kb7
29.Rd6 Rc6 30.Rd7+ Rc7 31.Rd6 Rc6 32.Rd7+ Rc7 33.Rxc7+ Kxc7 34.Ke2 h6 35.h4 g5
36.hxg5 hxg5 37.Kd3 Kd6 38.a3  1/2-1/2

[Event "Erkelmem op"]
[Site "Erkelmem"]
[Date "1992.??.??"]
[Round "?"]
[White "Burmakin, Vladimir"]
[Black "Videki, Sandor"]
[Result "1-0"]
[WhiteElo "2330"]
[BlackElo "2305"]

1.d4 d5 2.c4 c6 3.Nc3 Nf6 4.e3 e6 5.Nf3 Nbd7 6.Qc2 Bd6 7.Be2 O-O 8.O-O e5
9.cxd5 cxd5 10.Nb5 Bb8 11.dxe5 Nxe5 12.Bd2 Ne4 13.Nxe5 Bxe5 14.Bb4 Re8 15.f4 Bb8
16.Rad1 Qb6 17.Rd4 a6 18.Nc3 Nxc3 19.Bxc3 Rxe3 20.Kh1 Ba7 21.Rxd5 Be6 22.Rg5 g6
23.f5 Bxa2 24.fxg6 hxg6 25.Bf6 Qb3 26.Rxg6+ fxg6 27.Qxg6+ Kf8 28.Bh5  1-0

[Event "Espergarde PC"]
[Site "Espergarde"]
[Date "1992.??.??"]
[Round "2"]
[White "Hansen, Lars Bo"]
[Black "Kristensen, Bjarke"]
[Result "1-0"]
[WhiteElo "2530"]
[BlackElo "2370"]

1.d4 d5 2.c4 c6 3.Nc3 Nf6 4.e3 e6 5.Nf3 Nbd7 6.Bd3 dxc4 7.Bxc4 b5 8.Be2 Bb7
9.O-O b4 10.Na4 Be7 11.Qc2 O-O 12.Rd1 Rc8 13.a3 a5 14.axb4 Bxb4 15.Nc5 Nxc5
16.dxc5 Qe7 17.Bd2 Bxc5 18.Bxa5 Bd6 19.e4 Ng4 20.Bc3 Bb8 21.h3 Nf6 22.Bxf6 gxf6
23.Ba6 Bxa6 24.Rxa6 Rfd8 25.Rxd8+ Qxd8 26.Ra3 c5 27.Rc3 Qb6 28.Rc4 Bd6 29.e5 Bxe5
30.Rg4+ Kf8 31.Nxe5 fxe5 32.Qxh7 Ke7 33.Qh4+ Kd6 34.b4 cxb4 35.Rxb4 Rc1+
36.Kh2 Qc7 37.Rb5 Rc4 38.Qg3 Rc5 39.Qa3 Kd5 40.Rxc5+ Qxc5 41.Qxc5+ Kxc5 42.Kg3 f5
43.Kh4 Kd4 44.Kg5 Kd3 45.h4 Ke2 46.h5 Kxf2 47.h6 e4 48.h7 e3 49.h8=Q e2 50.Qd4+ Kxg2
51.Qe3  1-0

[Event "Forli op"]
[Site "Forli"]
[Date "1992.??.??"]
[Round "4"]
[White "Thorhallsson, Throstur"]
[Black "Lagumina, Giulio"]
[Result "1-0"]
[WhiteElo "2445"]
[BlackElo "2250"]

1.d4 d5 2.c4 e6 3.Nc3 c6 4.Nf3 Nf6 5.e3 Nbd7 6.Qc2 Bd6 7.g4 dxc4 8.g5 Nd5
9.Bxc4 O-O 10.e4 N5b6 11.Be2 e5 12.Be3 exd4 13.Nxd4 Ne5 14.O-O-O Nbc4 15.Nf5 Bxf5
16.exf5 Qa5 17.Bd4 b5 18.f4 Nd7 19.Rhf1 Ndb6 20.Bxb6 axb6 21.Bxc4 bxc4 22.Rxd6 b5
23.Rfd1 b4 24.Nb1 Qxa2 25.R6d4 c3 26.Rxb4 c5 27.Rb3 cxb2+ 28.Rxb2 Qa5 29.Qc4 Rab8
30.Rxb8 Rxb8 31.g6 Qa1 32.gxf7+ Kh8 33.Qb5  1-0

[Event "Forli op"]
[Site "Forli"]
[Date "1992.??.??"]
[Round "9"]
[White "Nemet, Ivan"]
[Black "Godena, Michele"]
[Result "0-1"]
[WhiteElo "2400"]
[BlackElo "2435"]

1.d4 d5 2.Nf3 Nf6 3.c4 c6 4.e3 e6 5.Nc3 a6 6.Bd3 dxc4 7.Bxc4 b5 8.Bd3 Nbd7
9.e4 c5 10.e5 cxd4 11.Nxb5 Nxe5 12.Nxe5 axb5 13.O-O Qd5 14.Qe2 Ba6 15.Bg5 Be7
16.f4 O-O 17.Rf3 Bb7 18.Rg3 Rfc8 19.Bxf6 Bxf6 20.Bxh7+ Kf8 21.a3 b4 22.Bd3 bxa3
23.bxa3 Ra5 24.Re1 Rac5 25.Qf1 Qd6 26.Ng4 Bh4 27.Ne5 Bxg3 28.hxg3 Qc7 29.Bb5 Rc1
30.Nd3 Rxe1 31.Qxe1 Qc2 32.Qf1 Qd2 33.Ne1 Rc1  0-1

[Event "FRA Cup"]
[Site "?"]
[Date "1992.??.??"]
[Round "?"]
[White "Marin, Mihail"]
[Black "Pinter, Jozsef"]
[Result "1-0"]
[WhiteElo "2525"]
[BlackElo "2580"]

1.d4 d5 2.c4 e6 3.Nc3 c6 4.e3 Nf6 5.Nf3 Nbd7 6.Bd3 dxc4 7.Bxc4 b5 8.Bd3 Bb7
9.O-O a6 10.e4 c5 11.d5 c4 12.Bc2 Qc7 13.dxe6 fxe6 14.Qe2 Bd6 15.Nd4 Nc5
16.f4 e5 17.Nf5 O-O 18.Rd1 Rad8 19.Rxd6 Rxd6 20.fxe5 Re6 21.exf6 Rfxf6 22.Nd4 Re8
23.Bg5 Rg6 24.Bh4 Qd7 25.Rd1 Nd3 26.Rxd3 cxd3 27.Qxd3 Rg4 28.Bf2 Kh8 29.Qh3 Rf8
30.Qe3 b4 31.Nce2 Qf7 32.h3 Rg6 33.Bb3 Qe7 34.Nf4 Rgf6 35.Nde6 Rxf4 36.Nxf4 Qe5
37.Ne6 Rc8 38.Ng5  1-0

[Event "FRA-chT"]
[Site "?"]
[Date "1992.??.??"]
[Round "?"]
[White "Cerisier, Philippe"]
[Black "Neiman, Emmanuel"]
[Result "1/2-1/2"]
[WhiteElo "2330"]
[BlackElo "2245"]

1.Nf3 Nf6 2.c4 e6 3.Nc3 d5 4.d4 c6 5.e3 Bd6 6.Qc2 O-O 7.Bd2 Nbd7 8.O-O-O Qe7
9.e4 dxe4 10.Nxe4 Nxe4 11.Qxe4 e5 12.Bg5 f6 13.Bd3 g6 14.Bh6 Re8 15.dxe5 Bxe5
16.Qh4 Bxb2+ 17.Kxb2 Qb4+ 18.Kc2 Qa4+ 19.Kb2 Qb4+ 20.Kc2 Qa4+ 21.Kb2 Qb4+  1/2-1/2

[Event "Fuerteventura"]
[Site "Fuerteventura"]
[Date "1992.??.??"]
[Round "?"]
[White "Garcia Padron, J."]
[Black "Lezcano Montalvo, Pedro"]
[Result "1-0"]
[WhiteElo "2435"]
[BlackElo "2325"]

1.d4 d5 2.c4 c6 3.Nf3 Nf6 4.e3 e6 5.Nc3 Nbd7 6.Bd3 dxc4 7.Bxc4 b5 8.Be2 Bb7
9.e4 b4 10.e5 Nd5 11.Ne4 h6 12.Nfd2 N5b6 13.O-O c5 14.dxc5 Bxc5 15.Nxc5 Nxc5
16.Bb5+ Ncd7 17.Nb3 a6 18.Nc5 Bc8 19.Bc6 Ra7 20.Qg4 Kf8 21.Qxb4 Qe7 22.Be3 Rc7  1-0

[Event "Arnold Cup"]
[Site "Gausdal"]
[Date "1992.??.??"]
[Round "2"]
[White "Fyllingen, Roy Harald"]
[Black "Kharlov, Andrei"]
[Result "0-1"]
[WhiteElo "2330"]
[BlackElo "2555"]

1.d4 d5 2.c4 e6 3.Nc3 c6 4.e3 Nf6 5.Nf3 Nbd7 6.Qc2 Bd6 7.Be2 O-O 8.O-O dxc4
9.Bxc4 a6 10.a4 c5 11.h3 Qc7 12.b3 cxd4 13.Nxd4 b6 14.Bb2 Bb7 15.Rfd1 Ne5
16.Bf1 Rac8 17.Rac1 Qb8 18.Qe2 Rfd8 19.Rd2 Qa8 20.Rcd1 Bb4 21.Rc2 Bc5 22.Nb1 Be4
23.Rcc1 Bxd4 24.Rxc8 Rxc8 25.Bxd4 Bf3 26.gxf3 Nxf3+ 27.Kh1 Nxd4+ 28.Bg2 Qxg2+
29.Kxg2 Nxe2  0-1

[Event "Troll Masters"]
[Site "Gausdal"]
[Date "1992.??.??"]
[Round "3"]
[White "Gausel, Einar"]
[Black "Kramnik, Vladimir"]
[Result "1/2-1/2"]
[WhiteElo "2445"]
[BlackElo "2590"]

1.d4 d5 2.c4 e6 3.Nc3 c6 4.e3 Nf6 5.Nf3 Nbd7 6.Qc2 Bd6 7.Bd2 O-O 8.Be2 Re8
9.O-O-O e5 10.cxd5 cxd5 11.Nb5 Bb8 12.dxe5 Nxe5 13.Bc3 a6 14.Nbd4 Ne4 15.Be1 Ng4
16.Bd3 Bd7 17.h3 Ngf6 18.Kb1 Bd6 19.g4 Rc8 20.Qe2 Nc5 21.Bf5 Nfe4 22.Nd2 Be5
23.Nxe4 dxe4 24.Bc3 Na4 25.Ba5 Qe7 26.Qd2 Bxf5 27.Nxf5 Qf6 28.Nd4 b6 29.Bb4 Nc5
30.Rhf1 Red8 31.Qe2 Bxd4 32.Rxd4 Rxd4 33.exd4 Qxd4 34.Bxc5 bxc5 35.Rd1 Qa4
36.Rd6 a5 37.Qd2 h6 38.Rd8+ Rxd8 39.Qxd8+ Kh7 40.Qd5  1/2-1/2

[Event "Gausdal Int"]
[Site "Gausdal"]
[Date "1992.??.??"]
[Round "4"]
[White "Djurhuus, Rune"]
[Black "Sveshnikov, Evgeny"]
[Result "1/2-1/2"]
[WhiteElo "2405"]
[BlackElo "2525"]

1.d4 d5 2.c4 e6 3.Nc3 c6 4.e3 Nf6 5.Nf3 Nbd7 6.Bd3 dxc4 7.Bxc4 b5 8.Bd3 b4
9.Ne4 c5 10.Nxf6+ gxf6 11.O-O Bb7 12.dxc5 Bxc5 13.e4 Qb6 14.a3 Ke7 15.axb4 Bxb4
16.Be3 Bc5 17.Bd2 Bb4 18.Be3 Bc5 19.Bd2 Bb4 20.Be3  1/2-1/2

[Event "Troll Masters"]
[Site "Gausdal"]
[Date "1992.??.??"]
[Round "5"]
[White "Ward, Christopher"]
[Black "Hector, Jonny"]
[Result "1/2-1/2"]
[WhiteElo "2455"]
[BlackElo "2535"]

1.d4 d5 2.c4 c6 3.e3 Nf6 4.Nc3 e6 5.Nf3 Ne4 6.Bd3 f5 7.Ne5 Qh4 8.O-O Bd6
9.f3 Nxc3 10.bxc3 Nd7 11.f4 O-O 12.a4 Qe7 13.Qb3 Nf6 14.Ba3 c5 15.cxd5 exd5
16.c4 cxd4 17.exd4 Bxa3 18.Qxa3 Qxa3 19.Rxa3 b6 20.a5 Be6 21.c5 bxc5 22.dxc5 Nd7
23.Nxd7 Bxd7 24.Rb3 Bc6 25.Re1 g6 26.Ba6 Rfe8 27.Rxe8+ Rxe8 28.Bb7 Bxb7 29.Rxb7 Rc8
30.Rxa7 Rxc5 31.h4 d4 32.Rd7 Rxa5  1/2-1/2

[Event "Troll Masters"]
[Site "Gausdal"]
[Date "1992.??.??"]
[Round "5"]
[White "Lerner, Konstantin Z"]
[Black "Thorhallsson, Throstur"]
[Result "1-0"]
[WhiteElo "2515"]
[BlackElo "2425"]

1.d4 Nf6 2.c4 e6 3.Nf3 d5 4.Nc3 c6 5.e3 Nbd7 6.Bd3 dxc4 7.Bxc4 b5 8.Bd3 a6
9.O-O c5 10.a4 b4 11.Ne4 Bb7 12.Ned2 Bd6 13.Re1 cxd4 14.exd4 O-O 15.Nc4 Be7
16.a5 Re8 17.Bf4 Nd5 18.Bg3 Nf8 19.Nfe5 g6 20.Bc2 Rc8 21.Bb3 Nd7 22.Nxd7 Qxd7
23.Ba4 Qd8 24.Bxe8 Qxe8 25.Qe2 Rd8 26.Rac1 Qb5 27.Ne5 Qxa5 28.Nxf7 Kxf7 29.Qxe6+ Kg7
30.Rc7  1-0

[Event "Peer Gynt"]
[Site "Gausdal"]
[Date "1992.??.??"]
[Round "6"]
[White "Savchenko, Stanislav"]
[Black "Sveshnikov, Evgeny"]
[Result "1-0"]
[WhiteElo "2505"]
[BlackElo "2525"]

1.d4 d5 2.c4 e6 3.Nf3 Nf6 4.Nc3 c6 5.e3 Nbd7 6.Qc2 Bd6 7.b3 O-O 8.Be2 dxc4
9.bxc4 e5 10.O-O Re8 11.Rd1 Qe7 12.Rb1 e4 13.Nd2 Nf8 14.c5 Bc7 15.Ba3 Rb8
16.Nc4 Ng4 17.g3 Qf6 18.Bf1 Qh6 19.h3 Nf6 20.Kh2 Ng4+ 21.Kg1 Nf6 22.Kh2 g5
23.d5 Bxh3 24.Bxh3 g4 25.Rh1 cxd5 26.Kg2 Qg5 27.Nd6 Bxd6 28.cxd6 d4 29.exd4 Rbc8
30.Rbc1 e3 31.Bxg4 Qxg4 32.Qe2 Qg5 33.f4 Qf5 34.Qf3 h5 35.d5 Ng6 36.Ne2 Qd3
37.Bb2 Rxc1 38.Rxc1 Nxd5 39.Rc5 Qd2 40.d7 Rd8 41.Rc8 Ndxf4+ 42.gxf4 Qxd7
43.Rxd8+ Qxd8 44.Qxe3 Nh4+ 45.Kh2 Nf5 46.Qe5 Qh4+ 47.Kg2 Qg4+ 48.Kf1 Ng3+
49.Ke1 Qxe2+ 50.Qxe2 Nxe2 51.Kxe2 f5 52.Bd4 a6 53.Bb6 Kf7 54.Kf3 Ke6 55.Kg3 Kd5
56.Kh4 Kc6 57.Bd8 Kb5 58.Kxh5 Ka4 59.Be7 b5 60.a3  1-0

[Event "Gausdal Int"]
[Site "Gausdal"]
[Date "1992.??.??"]
[Round "8"]
[White "Giorgadze, Giorgi"]
[Black "Murshed, Niaz"]
[Result "1-0"]
[WhiteElo "2525"]
[BlackElo "2505"]

1.c4 Nf6 2.d4 c6 3.Nc3 d5 4.Nf3 e6 5.e3 Nbd7 6.Qc2 Bd6 7.Be2 O-O 8.O-O Re8
9.Rd1 b6 10.e4 dxe4 11.Nxe4 Nxe4 12.Qxe4 Bb7 13.Be3 f5 14.Qc2 f4 15.Bd2 c5
16.dxc5 Bc7 17.cxb6 axb6 18.Bb4 Qc8 19.Ng5 Nf6 20.Bh5 h6 21.Bf7+ Kh8 22.Nf3 e5
23.Nh4 e4 24.f3 Re5 25.Ng6+ Kh7 26.Nxf4 g5 27.Nh5  1-0

[Event "Gausdal Int"]
[Site "Gausdal"]
[Date "1992.??.??"]
[Round "9"]
[White "Engqvist, Thomas"]
[Black "Heyken, Enno"]
[Result "1-0"]
[WhiteElo "2390"]
[BlackElo "2410"]

1.Nf3 d5 2.d4 c6 3.c4 e6 4.e3 Nf6 5.Nc3 Nbd7 6.Qc2 Bd6 7.Be2 O-O 8.O-O Re8
9.Rd1 Qe7 10.e4 e5 11.cxd5 cxd5 12.dxe5 Nxe5 13.Nxe5 Qxe5 14.f4 Qe7 15.e5 Bc5+
16.Kh1 Ng4 17.Bxg4 Bxg4 18.Rxd5 Rac8 19.f5 Qh4 20.Bf4 Red8 21.Rf1 Qh5 22.Bg3 Bb6
23.Qe4 g6 24.Rxd8+ Rxd8 25.Nd5 Bxf5 26.Nf6+ Kh8 27.Qe1 Qh6 28.e6 Bxe6 29.Be5 Qg5
30.h4  1-0

[Event "Gausdal Int"]
[Site "Gausdal"]
[Date "1992.??.??"]
[Round "9"]
[White "Ernst, Thomas"]
[Black "Grotnes, Nils"]
[Result "1-0"]
[WhiteElo "2570"]
[BlackElo "2345"]

1.d4 d5 2.c4 c6 3.Nf3 Nf6 4.e3 e6 5.Nc3 Nbd7 6.Bd3 Be7 7.O-O O-O 8.b3 Re8
9.Bb2 c5 10.cxd5 exd5 11.dxc5 Nxc5 12.Bb5 Bd7 13.Bxd7 Qxd7 14.Qe2 Nce4 15.Rfd1 Rad8
16.Nxe4 Nxe4 17.Rac1 Bf6 18.Bxf6 Nxf6 19.Nd4 Rc8 20.Qb5 Rxc1 21.Rxc1 Rc8
22.Rc5 Rxc5 23.Qxc5 a6 24.f3 g6 25.Kf2 Kg7 26.Ke2 h5 27.Kd3 Qd8 28.a4 Qd7
29.a5 Qd8 30.Kc3 Qe8 31.Kd3 Qe5 32.g3 h4 33.gxh4 Qxh2 34.Ne6+ fxe6 35.Qe7+ Kh6
36.Qxf6 Kh7 37.Qxe6 Qxh4 38.Qxd5 Qe7 39.f4 Qc7 40.Kd4 Qg7+ 41.Ke4 Qe7+ 42.Kf3 Kh6
43.Qd4 Kh7 44.b4 Qe6 45.Qe4 Qh3+ 46.Ke2 Qd7 47.Qd4 Qg4+ 48.Kd3 Qf3 49.Qe4 Qd1+
50.Kc4 Qc1+ 51.Kd4 Qc7 52.Qe6 Qc2 53.Qe7+ Kh6 54.Ke5 Qc3+ 55.Kd5 Qd3+ 56.Kc5 Qb5+
57.Kd4 Qe2 58.e4 Qd2+ 59.Ke5 Qc3+ 60.Ke6 Qc6+ 61.Kf7 Qc4+ 62.Kf8 Qc8+ 63.Kf7 Qc4+
64.Kf6 Qd4+ 65.Qe5 Qd8+ 66.Kf7 Qd7+ 67.Qe7  1-0

[Event "Geraardsbergen op"]
[Site "Geraardsbergen"]
[Date "1992.??.??"]
[Round "3"]
[White "Winants, Henri"]
[Black "Roofdhooft, Marcel"]
[Result "0-1"]
[WhiteElo "2145"]
[BlackElo "2300"]

1.d4 d5 2.c4 c6 3.Nc3 Nf6 4.e3 e6 5.Nf3 Nbd7 6.Bd3 dxc4 7.Bxc4 b5 8.Bd3 Bb7
9.O-O b4 10.Ne4 Be7 11.Nxf6+ Nxf6 12.e4 O-O 13.e5 Nd7 14.Qc2 h6 15.Be4 Qc7
16.Be3 c5 17.Bxb7 Qxb7 18.dxc5 Nxc5 19.Bxc5 Rfc8 20.Qb3 Bxc5 21.Nd2 Qc7 22.Rae1 a5
23.Re4 Rd8 24.Nc4 Rd5 25.Qg3 Bf8 26.Rg4 Qc5 27.Re1 Rd4 28.Rxd4 Qxd4 29.b3 a4
30.Qe3 Qxe3 31.Nxe3 axb3 32.axb3 Ra2 33.Kf1 Rb2 34.Rd1 Rxb3 35.Rd8 Rc3 36.Ke2 Rc5
37.f4 Rb5 38.Nc4 b3 39.Nb2 g5 40.g3 Kg7 41.Kd3 Ba3 42.Kc4 Rb7 43.Rd2 Bxb2
44.Rxb2 gxf4 45.gxf4 Kg6 46.Kc5 Kf5 47.Kc6 Rb4 48.Kd7 Kxf4 49.Ke8 Rb7 50.Kf8 Kxe5
51.Kg7 h5 52.Kh6 h4  0-1

[Event "Oberliga Nord N9192"]
[Site "Germany"]
[Date "1992.??.??"]
[Round "?"]
[White "Siemers, Joerg"]
[Black "Stenner, Patrick"]
[Result "0-1"]
[WhiteElo "2230"]
[BlackElo "2310"]

1.d4 Nf6 2.c4 c6 3.Nc3 d5 4.Nf3 e6 5.e3 Nbd7 6.b3 Bd6 7.Be2 O-O 8.Bb2 dxc4
9.bxc4 e5 10.Qc2 Re8 11.Rd1 Qe7 12.O-O e4 13.Nd2 Nf8 14.c5 Bc7 15.Nc4 Ng6
16.g3 Bh3 17.Rfe1 b5 18.cxb6 axb6 19.a4 Ng4 20.d5 Rad8 21.dxc6 Qf6 22.Nxe4 Qxc6
23.Qc3 f6 24.Rxd8 Rxd8 25.Bf3 Qxa4 26.Ncd6 Bxd6 27.Nxd6 Rxd6 28.Ra1 N4e5
29.Be2 Qc6 30.Qxc6 Rxc6 31.Ra8+ Rc8 32.Ra7 Rc2 33.Ra8+ Kf7 34.Ra7+ Ne7  0-1

[Event "Oberliga Nord N9192"]
[Site "Germany"]
[Date "1992.??.??"]
[Round "?"]
[White "Schmidt, Wolfgang"]
[Black "Nogly, Christoph"]
[Result "0-1"]
[WhiteElo "2225"]
[BlackElo "2255"]

1.d4 d5 2.c4 c6 3.Nf3 Nf6 4.Nc3 e6 5.e3 Nbd7 6.Qc2 Bd6 7.b3 O-O 8.Bb2 Re8
9.Bd3 Qe7 10.O-O e5 11.Bf5 e4 12.Nd2 Nf8 13.Bxc8 Raxc8 14.Qd1 h5 15.h3 Bb8
16.Re1 g5 17.Nf1 Ng6 18.cxd5 cxd5 19.f3 exf3 20.Qxf3 Qe6 21.Rac1 g4 22.hxg4 hxg4
23.Qf2 Rxc3 24.Bxc3 Ne4 25.Qe2 Qf5 26.Red1 Kg7 27.Be1 Rh8 28.g3 Ng5 29.e4 dxe4
30.Rc5 Nh3+ 31.Kg2 Qf3+ 32.Qxf3 gxf3+  0-1

[Event "Bundesliga 9192"]
[Site "Germany"]
[Date "1992.??.??"]
[Round "?"]
[White "Schulz, Klaus Juergen"]
[Black "Tischbierek, Raj"]
[Result "1-0"]
[WhiteElo "2400"]
[BlackElo "2485"]

1.d4 Nf6 2.Nf3 d5 3.c4 e6 4.Nc3 c6 5.e3 Nbd7 6.Be2 Bd6 7.O-O O-O 8.a3 Qe7
9.Qc2 dxc4 10.Bxc4 e5 11.h3 a5 12.Re1 Bc7 13.Ba2 h6 14.e4 exd4 15.Nxd4 Qe5
16.Nf3 Qh5 17.Be3 Re8 18.Rad1 Nf8 19.Nd4 Ng6 20.Nd5 Nxd5 21.exd5 Bxh3 22.gxh3 Qxh3
23.f3 c5 24.Nf5 Re5 25.Bb1 Rd8 26.d6 Bxd6 27.Nxd6 Rxd6 28.Rxd6 Qg3+ 29.Kf1 Qxf3+
30.Qf2 Qh1+ 31.Ke2 Qh5+ 32.Kd2 Nf8 33.Kc1 Qg4 34.Bd2 Rh5 35.Ba2 c4 36.Qd4 Qg3
37.Qxc4 Qxd6 38.Qxf7+ Kh7 39.Qxh5  1-0

[Event "Bundesliga 9192"]
[Site "Germany"]
[Date "1992.??.??"]
[Round "?"]
[White "Mohr, Stefan"]
[Black "Kuczynski, Robert"]
[Result "1/2-1/2"]
[WhiteElo "2465"]
[BlackElo "2480"]

1.d4 d5 2.c4 c6 3.Nc3 Nf6 4.e3 e6 5.Nf3 Nbd7 6.Qc2 Bd6 7.Be2 O-O 8.O-O Re8
9.Rd1 Qe7 10.b3 a6 11.Bb2 dxc4 12.Bxc4 b5 13.Be2 Bb7 14.Ng5 Rac8 15.Nge4 Nxe4
16.Nxe4 Bb8 17.Nc5 Nxc5 18.dxc5 Rcd8 19.Bf3 e5 20.b4 Rxd1+ 21.Rxd1 Rd8 22.Be4 Rxd1+
23.Qxd1 Bc7 24.Qd3 g6 25.g3 Qe6 26.a3 Bc8 27.Bg2 Bd7 28.h3 Be8 29.f4 f6 30.fxe5 fxe5
31.Qe4 Kg7 32.Kh2 Bd7 33.Bc3 Qf6 34.g4 Qe6 35.Kg1 Qf6 36.Qd3 Qe6 37.Qe4 Qf6
38.Kh2 Qe7 39.Kh1 Qf6 40.Kg1 Qe7 41.Be1 Qf6 42.h4 Qe6 43.Bc3 h6 44.h5 gxh5
45.gxh5 Qf6 46.Bf3 Qg5+ 47.Kf1 Be8 48.Qf4 Qxf4 49.exf4 Kf6 50.Bg4 Bf7 51.Kf2 Bd5
52.Ke3 Bb8 53.Bc8 Be6 54.Bxa6 Bf5 55.Bxe5+ Bxe5 56.fxe5+ Kxe5 57.Bb7 Bd7
58.Kd3 Kd5 59.Kc3 Be8 60.Bc8 Bxh5 61.Bh3 Ke5 62.Bg2 Be8 63.a4 bxa4 64.Kb2 h5
65.Ka3 h4 66.Kxa4 Kf4 67.b5 cxb5+ 68.Kb4 Kg3 69.Bd5  1/2-1/2

[Event "Bundesliga 9192"]
[Site "Germany"]
[Date "1992.??.??"]
[Round "?"]
[White "Mohr, Stefan"]
[Black "Fahnenschmidt, Gerhard"]
[Result "1/2-1/2"]
[WhiteElo "2455"]
[BlackElo "2375"]

1.d4 Nf6 2.c4 c6 3.Nc3 d5 4.e3 e6 5.Nf3 Nbd7 6.Qc2 Bd6 7.Be2 O-O 8.O-O dxc4
9.Bxc4 Qe7 10.a3 e5 11.h3 Bc7 12.Ba2 h6 13.Nh4 Re8 14.Nf5 Qf8 15.Bd2 Nb6
16.Rac1 Bxf5 17.Qxf5 exd4 18.exd4 Qd6 19.g3 Qxd4 20.Bxh6 gxh6 21.Qg6+ Kh8
22.Bxf7 Rg8 23.Qxh6+ Nh7 24.Bxg8 Rxg8 25.Kh2 Nc4 26.Rcd1 Qg7 27.Qxg7+ Rxg7
28.Rfe1 Nf6 29.Re6 Rf7 30.Rde1 Nd5 31.Nxd5 cxd5 32.f4 Bb6 33.Re7  1/2-1/2

[Event "Bundesliga 9192"]
[Site "Germany"]
[Date "1992.??.??"]
[Round "?"]
[White "Hort, Vlastimil"]
[Black "Mueller, Karsten"]
[Result "1/2-1/2"]
[WhiteElo "2560"]
[BlackElo "2460"]

1.c4 e6 2.d4 d5 3.Nc3 c6 4.e3 Nf6 5.Nf3 Nbd7 6.Be2 Bd6 7.b3 O-O 8.Bb2 dxc4
9.bxc4 e5 10.O-O Re8 11.Qc2 exd4 12.exd4 Nf8 13.Rfe1 Ng6 14.Bf1 Bg4 15.Nd2 Nh4
16.Nce4 Bb4 17.a3 Bf8 18.Bd3 Bf5 19.Re3 Nxe4 20.Nxe4 Bg6 21.Rae1 f5 22.Nd2 Qg5
23.g3 Rxe3 24.Rxe3 f4 25.Re5 Qg4 26.f3 Nxf3+ 27.Nxf3 Qxf3 28.Bxg6 hxg6 29.Qxg6 fxg3
30.hxg3 Bd6 31.Qe6+ Kh7 32.Qh3+ Kg8 33.Qe6+ Kh7  1/2-1/2

[Event "BL2-W9192"]
[Site "Germany"]
[Date "1992.??.??"]
[Round "?"]
[White "Wesseln, Kai"]
[Black "Simon, Ralf Axel"]
[Result "1-0"]
[WhiteElo "2330"]
[BlackElo "2280"]

1.d4 d5 2.c4 e6 3.Nc3 c6 4.e3 Nf6 5.Nf3 Nbd7 6.Be2 Bd6 7.b3 O-O 8.Bb2 dxc4
9.bxc4 e5 10.Qb3 exd4 11.exd4 Bf4 12.O-O Nb6 13.a4 Bg4 14.Rad1 Qc7 15.g3 Bh6
16.Rfe1 Rfe8 17.Ne5 Bxe2 18.Rxe2 Rad8 19.Ba3 Nbd7 20.Nxd7 Qxd7 21.Kg2 Rxe2
22.Nxe2 Qe6 23.Qd3 g6 24.Nc3 Bf8 25.Bxf8 Kxf8 26.d5 cxd5 27.cxd5 Qe5 28.Qc4 Ne8
29.Rd3 Kg7 30.Re3 Qd6 31.Qd4+ Nf6 32.a5 Kg8 33.Kg1 a6 34.Rf3 Ne8 35.h4 f5
36.h5 Nf6 37.h6 Re8 38.Re3 Rxe3 39.Qxe3  1-0

[Event "BL2-W9192"]
[Site "Germany"]
[Date "1992.??.??"]
[Round "?"]
[White "Stoering, Volker"]
[Black "Kaeding, Rainer"]
[Result "1/2-1/2"]
[WhiteElo "2270"]
[BlackElo "2305"]

1.d4 d5 2.c4 e6 3.Nc3 c6 4.e3 Nf6 5.Nf3 Nbd7 6.Qc2 Bd6 7.b3 O-O 8.Be2 e5
9.cxd5 cxd5 10.Nb5 Bb4+ 11.Bd2 Bxd2+ 12.Nxd2 exd4 13.Nxd4 Ne5 14.N2f3 Nxf3+
15.Bxf3 Qa5+ 16.Qd2 Qxd2+ 17.Kxd2 Bg4 18.Bxg4 Nxg4 19.f3 Nf6 20.Rac1 Rfd8
21.Rc7 Rab8 22.Rhc1 Kf8 23.Kd3 Ne8 24.R7c5 Rd7 25.Rc8 Rxc8 26.Rxc8 g6 27.Nb5 a6
28.Nc3 Ke7 29.Kd4 Nd6 30.Nxd5+ Ke6 31.Nf4+ Kf6 32.Nd5+ Ke6 33.Rc5 Nf5+ 34.Kc3 Rxd5
35.Rxd5 Kxd5 36.e4+ Ke5 37.exf5 Kxf5 38.Kd4 Kf4 39.b4 h5 40.a4 h4 41.Kc5  1/2-1/2

[Event "BL2-N9192"]
[Site "Germany"]
[Date "1992.??.??"]
[Round "?"]
[White "Lagunow, Alexander"]
[Black "Blauert, Joerg"]
[Result "1/2-1/2"]
[WhiteElo "2445"]
[BlackElo "2405"]

1.Nf3 Nf6 2.c4 e6 3.Nc3 d5 4.d4 c6 5.e3 Nbd7 6.Qc2 Bd6 7.Be2 O-O 8.O-O e5
9.cxd5 cxd5 10.dxe5 Nxe5 11.Rd1 Nxf3+ 12.Bxf3 Qc7 13.h3 Bh2+ 14.Kh1 Be5 15.Bd2 Be6
16.Qd3 Qd7 17.Be1 Rfd8 18.Qe2 Rac8 19.Kg1 a6 20.Rac1 d4 21.exd4 Bxd4 22.b3 b5
23.Ne4 Rxc1 24.Rxc1 Bf5 25.Nxf6+  1/2-1/2

[Event "BL2-W9192"]
[Site "Germany"]
[Date "1992.??.??"]
[Round "?"]
[White "Pekarek, Ales"]
[Black "Lingnau, Carsten"]
[Result "1/2-1/2"]
[WhiteElo "2455"]
[BlackElo "2365"]

1.Nf3 d5 2.d4 Nf6 3.c4 c6 4.Nc3 e6 5.e3 Nbd7 6.Qc2 Bd6 7.Be2 O-O 8.O-O dxc4
9.Rd1 Qe7 10.Bxc4 h6 11.g3 Re8 12.b3 a6 13.Bb2 b5 14.Bf1 Bb7 15.Nd2 c5 16.Nce4 cxd4
17.exd4 Rac8 18.Qd3 Ba3 19.Bxa3 Qxa3 20.Rdb1 Nxe4 21.Nxe4 Bxe4 22.Qxe4 Nf6
23.Qe2 Red8 24.Qb2 Qd6 25.a4 b4 26.a5 Rc3 27.Qe2 Ra8 28.Qe5 Qxe5 29.dxe5 Nd7
30.Rc1 Rxb3 31.f4 g5 32.Rc7 Nf8 33.Rb7 gxf4 34.gxf4 Rd8 35.Bxa6 Ra3 36.Rb1 Rxa5
37.Bf1 Rd4 38.R7xb4 Ra4 39.Rxa4 Rxa4 40.f5 Rg4+ 41.Bg2 exf5 42.Kf2 Ra4 43.Bd5 Ng6
44.e6 fxe6 45.Bxe6+ Kg7 46.Rb6 f4 47.Rb5 Kf6 48.Bb3 Rd4 49.Rb6+ Kg7 50.Rb7+ Kf8
51.Rf7+ Ke8 52.Rf6 Nh4 53.Rxh6 Rd2+ 54.Kf1 Rxh2  1/2-1/2

[Event "BL2-W9192"]
[Site "Germany"]
[Date "1992.??.??"]
[Round "?"]
[White "Meyer, Peter"]
[Black "Kaeding, Rainer"]
[Result "1-0"]
[WhiteElo "2320"]
[BlackElo "2305"]

1.Nf3 d5 2.d4 c6 3.c4 e6 4.e3 Nf6 5.Nc3 Nbd7 6.Qc2 Bd6 7.Bd2 O-O 8.O-O-O c5
9.cxd5 Nxd5 10.Nxd5 exd5 11.Bd3 h6 12.g4 Qf6 13.Be2 cxd4 14.Nxd4 Ne5 15.Nf5 Bxf5
16.Qxf5 Rac8+ 17.Kb1 Qe6 18.Bc3 Rfd8 19.f4 Nc4 20.Bd4 b6 21.Qxe6 fxe6 22.Bd3 Be7
23.b3 Nd6 24.h4 Bf6 25.g5 Bxd4 26.exd4 Rf8 27.gxh6 Rxf4 28.Rhg1 Ne4 29.Rxg7+ Kh8
30.Rc1 Rxc1+ 31.Kxc1 Rxh4 32.Rxa7 Rh1+ 33.Kb2 Rh2+ 34.Ka3 Rxh6 35.Bxe4 dxe4
36.Kb4 e3 37.Kc3 Rh4 38.Kd3 Re4 39.Ke2 Rxd4 40.Kxe3 Rd5 41.Re7 Re5+ 42.Kd4 Re2
43.a4 Rd2+ 44.Kc4 Rd6 45.Kb5 Kg8 46.Rb7 Rd3 47.b4 e5 48.Kxb6 Rd6+ 49.Kc5 Re6
50.Kd5  1-0

[Event "BL2-W9192"]
[Site "Germany"]
[Date "1992.??.??"]
[Round "?"]
[White "Hoffmann, Michael"]
[Black "Hess, Ralf"]
[Result "0-1"]
[WhiteElo "2455"]
[BlackElo "2330"]

1.d4 Nf6 2.c4 c6 3.Nc3 d5 4.Nf3 e6 5.e3 Nbd7 6.Bd3 dxc4 7.Bxc4 b5 8.Bd3 Bb7
9.O-O b4 10.Ne4 c5 11.Nxf6+ gxf6 12.e4 cxd4 13.Nxd4 a6 14.Be3 Nc5 15.Bc2 Bd6
16.Qh5 Rc8 17.Rad1 Qc7 18.f4 Rg8 19.f5 Nxe4 20.Ba4+ Ke7 21.Nf3 Qa5 22.Bb3 Bc5
23.Kh1 Bxe3 24.Bxe6 Nd6 25.Bxc8 Rxc8 26.Rfe1 Qc5 27.Nd4 Qe5 28.Qh3 Bxd4 29.Rxe5+ Bxe5
30.Qd3 Rc4 31.Kg1 Be4 32.Qe2 Bb7 33.h3 Re4 34.Qf2 Rc4 35.Qb6 Be4 36.Re1  0-1

[Event "BL2-W9192"]
[Site "Germany"]
[Date "1992.??.??"]
[Round "?"]
[White "Hermesmann, Hans"]
[Black "Simon, Ralf Axel"]
[Result "1-0"]
[WhiteElo "2270"]
[BlackElo "2280"]

1.d4 d5 2.c4 e6 3.Nc3 c6 4.e3 Nf6 5.Nf3 Nbd7 6.Qc2 Bd6 7.Bd2 O-O 8.O-O-O b5
9.c5 Bc7 10.h3 e5 11.dxe5 Nxe5 12.Nxe5 Bxe5 13.f4 Bc7 14.Bd3 Qe7 15.g4 g6
16.Ne2 Nd7 17.Nd4 Bb7 18.Nxb5 cxb5 19.c6 Bxc6 20.Qxc6 Bxf4 21.Qxd5 Be5 22.Kb1 Rfd8
23.Qg2 Nb6 24.Ba5 Bg7 25.Bxb6 axb6 26.Bxb5 Qe6 27.a4 Qxe3 28.Rd3 Qc5 29.Rhd1 Rf8
30.Rd7 Rac8 31.Qd2 Qe5 32.Re1 Qg3 33.Rd3 Qh4 34.Rf1 Rc7 35.Rdf3 Qe7 36.Rd3 Qh4
37.Qe2 Qg5 38.Rdf3 Qc5 39.h4 Qb4 40.Rf4 Qd6 41.Bc4 Qe5 42.Re4 Qc5 43.h5 gxh5
44.gxh5 Kh8 45.Bd3 f5 46.Re6 h6 47.Bb5 f4 48.Bd3 Qd4 49.Re4 Qd6 50.Rf3 Rcf7
51.Rc4 Qf6 52.Qc2 Qg5 53.Bg6 Re7  1-0

[Event "BL2-S9192"]
[Site "Germany"]
[Date "1992.??.??"]
[Round "?"]
[White "Gschnitzer, Oswald"]
[Black "Beikert, Guenther"]
[Result "1/2-1/2"]
[WhiteElo "2455"]
[BlackElo "2350"]

1.Nf3 d5 2.c4 c6 3.e3 Nf6 4.Nc3 e6 5.d4 Nbd7 6.Bd3 a6 7.e4 dxc4 8.Bxc4 c5
9.e5 Ng4 10.Be3 Be7 11.O-O Nxe3 12.fxe3 b5 13.Bd3 Bb7 14.Qc2 Qb6 15.Kh1 cxd4
16.exd4 Bxf3 17.Rxf3 Qxd4 18.Bxb5 axb5 19.Nxb5 Qxe5 20.Nc7+ Kf8 21.Nxa8 Bd6
22.Rh3 Ke7 23.Qc6 Rb8 24.Qf3 Qxb2 25.Rd1 Ne5 26.Qe4 Qxa2 27.Qh4+ Kd7 28.Qd4 Qd5
29.Qa7+ Ke8 30.Qxb8+ Bxb8 31.Rxd5 exd5 32.Rxh7 Kd7 33.Nb6+ Kc6 34.Nxd5 Kxd5
35.Rxg7 Ke6 36.h4 f5 37.h5 Nf7 38.Rg6+ Ke7 39.h6 Bf4 40.h7 Be5 41.Kg1 Nh8
42.Rg8 Kf7 43.Kf2 Ng6 44.Ke3 Bf6 45.Kd3 Bg7 46.g3 Bf6 47.Kc4 Ne5+ 48.Kd5 Ng6
49.Ra8 Nf8 50.Rxf8+  1/2-1/2